[Event "Sudeste/Centro-Oeste-ch U1600"]
[Site "Barbacena"]
[Date "2019.10.27"]
[Round "6"]
[White "Quadros, Margaret Leao"]
[Black "Cunha, Rodrigo da Cruz"]
[Result "0-1"]
[WhiteElo "1722"]
[BlackElo "1800"]
[PlyCount "54"]
[EventDate "2019.10.25"]
[EventType "swiss"]
[EventRounds "6"]
[EventCountry "BRA"]
[SourceTitle "CBM 193 Extra"]
[Source "ChessBase"]
[SourceDate "2020.01.31"]
[SourceVersion "1"]
[SourceVersionDate "2020.01.31"]
[SourceQuality "1"]

1. e4 e6 2. d4 d5 3. Nc3 Nf6 4. e5 Nfd7 5. Nf3 c5 6. Bb5 Nc6 7. Bg5 Be7 8. Bxe7 Qxe7 9. 0-0 0-0 10. Qe2 cxd4 11. Na4 a6 12. Bxc6 bxc6 13. Nxd4 Qb4 14. b3 Qxd4 15. c3 Qxe5 16. Rfe1 Qxe2 17. Rxe2 a5 18. c4 Ba6 19. Nb2 Rab8 20. Rd2 Nf6 21. f3 h6 22. Rc1 Rbc8 23. Na4 Nd7 24. cxd5 cxd5 25. Rdc2 Rxc2 26. Rxc2 Rc8 27. Rxc8+ Bxc8 0-1